[Event "24th Klatovy B 2016"]
[Site "Klatovy CZE"]
[Date "2016.07.10"]
[Round "9.41"]
[White "Jedlicka, Pavel"]
[Black "Vanek, Jiri1"]
[Result "1-0"]
[WhiteElo "1548"]
[BlackElo "1350"]
[PlyCount "41"]
[EventDate "2016.07.02"]
[EventType "swiss"]
[EventRounds "9"]
[EventCountry "CZE"]

1. f4 e5 2. fxe5 d6 3. Nf3 Bg4 4. e3 dxe5 5. Be2 Nc6 6. O-O Nf6 7. Ng5 h5 8. h3 Bxe2 9. Qxe2 Qd7 10. d4 Bd6 11. d5 Ne7 12. e4 Bc5+ 13. Be3 Bxe3+ 14. Qxe3 Ng6 15. Nf3 O-O-O 16. Qxa7 Qe8 17. Qa8+ Kd7 18. Qxb7 Nxe4 19. Qc6+ Kc8 20. Qa8+ Kd7 21. Qa4+ 1-0

[Event "24th Klatovy B 2016"]
[Site "Klatovy CZE"]
[Date "2016.07.10"]
[Round "9.42"]
[White "Dolejs, Jakub"]
[Black "May, David"]
[Result "1-0"]
[WhiteElo "1086"]
[BlackElo "1532"]
[PlyCount "59"]
[EventDate "2016.07.02"]
[EventType "swiss"]
[EventRounds "9"]
[EventCountry "CZE"]

1. d4 Nf6 2. c4 e5 3. e3 Bb4+ 4. Bd2 Qe7 5. dxe5 Bxd2+ 6. Qxd2 Ng4 7. Nf3 Nc6 8. Bd3 O-O 9. O-O Ncxe5 10. Nxe5 Nxh2 11. Kxh2 Qxe5+ 12. f4 Qh5+ 13. Kg1 Re8 14. Rf3 d6 15. f5 Re5 16. Rh3 Qg5 17. e4 Qxd2 18. Nxd2 Bd7 19. a4 a5 20. Rf3 Rae8 21. b3 h6 22. g4 g6 23. Rh3 gxf5 24. gxf5 Kg7 25. Kf2 Rh8 26. Rah1 c6 27. Rb1 d5 28. cxd5 cxd5 29. b4 Bxa4 30. Rf3 1-0

[Event "24th Klatovy B 2016"]
[Site "Klatovy CZE"]
[Date "2016.07.10"]
[Round "9.43"]
[White "Janous, Marek"]
[Black "Psaila, Uranchimeg"]
[Result "0-1"]
[WhiteElo "1200"]
[BlackElo "1546"]
[PlyCount "104"]
[EventDate "2016.07.02"]
[EventType "swiss"]
[EventRounds "9"]
[EventCountry "CZE"]

1. e4 e6 2. d4 d5 3. Nc3 dxe4 4. Nxe4 Nd7 5. Nf3 Ngf6 6. Nxf6+ Nxf6 7. Bd3 Be7 8. c3 O-O 9. O-O h6 10. Bc2 b6 11. Qe2 Bb7 12. Ne5 Qd5 13. f3 Qd8 14. Qd3 c5 15. Ng4 g6 16. Bxh6 Re8 17. Bc1 Qd5 18. c4 Qxd4+ 19. Qxd4 cxd4 20. Bg5 Nh7 21. Ba4 Rec8 22. Bxe7 Rxc4 23. Bb3 Rc7 24. Nf6+ Kg7 25. Nxh7 Kxh7 26. Bf6 Rd7 27. Rfd1 d3 28. Bc4 d2 29. Bg5 Rc8 30. b3 a6 31. Rxd2 Rdc7 32. Bf4 Rc6 33. Rd7 b5 34. Rxf7+ Kg8 35. Bxe6 Rxe6 36. Rxb7 Re2 37. Rb6 Rcc2 38. Kf1 Rxg2 39. Rxa6 Rcf2+ 40. Ke1 Rxf3 41. Bb8 Re3+ 42. Kd1 Ree2 43. Bf4 Ref2 44. Ra8+ Kf7 45. Ra7+ Ke6 46. Bd2 Rxd2+ 47. Kc1 Rc2+ 48. Kd1 Rgd2+ 49. Ke1 Rxh2 50. Ra6+ Kf5 51. Kd1 Rcg2 52. Rf6+ Kxf6 0-1

[Event "24th Klatovy B 2016"]
[Site "Klatovy CZE"]
[Date "2016.07.10"]
[Round "9.44"]
[White "Skopkova, Marcela"]
[Black "Kubat, Ladislav"]
[Result "1/2-1/2"]
[WhiteElo "1166"]
[BlackElo "1435"]
[PlyCount "85"]
[EventDate "2016.07.02"]
[EventType "swiss"]
[EventRounds "9"]
[EventCountry "CZE"]

1. d4 c5 2. dxc5 e6 3. e3 Nc6 4. Nf3 Bxc5 5. a3 Nf6 6. Be2 O-O 7. b4 Bb6 8. b5 Ne7 9. Bb2 Ng6 10. Bd3 Bc7 11. O-O b6 12. Nc3 Bb7 13. a4 Rc8 14. Nd2 Be5 15. Nc4 Bb8 16. Nd2 Rxc3 17. Bxc3 Qc7 18. g3 Qxc3 19. Bxg6 fxg6 20. Rc1 Qe5 21. Qe1 Ne4 22. f4 Qd5 23. Nf3 g5 24. Rd1 Qc5 25. Nxg5 Nxg5 26. fxg5 Rxf1+ 27. Kxf1 Qxc2 28. Qd2 Qc4+ 29. Qe2 Qxe2+ 30. Kxe2 d5 31. e4 Kf7 32. exd5 exd5 33. Ke3 Be5 34. Rf1+ Ke6 35. Rf8 d4+ 36. Kd3 h6 37. gxh6 gxh6 38. Rg8 Kf7 39. Rd8 Ke7 40. Rg8 Kf7 41. Rd8 Ke6 42. Re8+ Kf6 43. Rd8 1/2-1/2

[Event "24th Klatovy B 2016"]
[Site "Klatovy CZE"]
[Date "2016.07.10"]
[Round "9.45"]
[White "Skalicky, Jindrich"]
[Black "Palla, Marek"]
[Result "1/2-1/2"]
[WhiteElo "1311"]
[BlackElo "1191"]
[PlyCount "28"]
[EventDate "2016.07.02"]
[EventType "swiss"]
[EventRounds "9"]
[EventCountry "CZE"]

1. e4 e6 2. d4 d5 3. Nd2 c5 4. exd5 exd5 5. Ngf3 Nh6 6. dxc5 Bxc5 7. Bb5+ Bd7 8. Bxd7+ Qxd7 9. Qe2+ Qe6 10. Qxe6+ fxe6 11. O-O O-O 12. b3 Nc6 13. Bb2 Nf5 14. Rfe1 Rae8 1/2-1/2

[Event "24th Klatovy B 2016"]
[Site "Klatovy CZE"]
[Date "2016.07.10"]
[Round "9.46"]
[White "Vavrinkova, Marie"]
[Black "Celovsky, Jan"]
[Result "0-1"]
[WhiteElo "1259"]
[BlackElo "1281"]
[PlyCount "66"]
[EventDate "2016.07.02"]
[EventType "swiss"]
[EventRounds "9"]
[EventCountry "CZE"]

1. e4 e5 2. Nf3 Nc6 3. Bb5 Nf6 4. c3 Nxe4 5. Qe2 Nf6 6. Nxe5 Nxe5 7. Qxe5+ Qe7 8. Qxe7+ Bxe7 9. d4 c6 10. Bd3 d5 11. O-O O-O 12. Re1 Bd6 13. Be3 Re8 14. Nd2 Bd7 15. h3 h6 16. Re2 Re7 17. Rae1 Rae8 18. a3 Nh5 19. b4 Nf4 20. Bxf4 Rxe2 21. Rxe2 Rxe2 22. Bxe2 Bxf4 23. Nb3 Bf5 24. f3 b6 25. Kf2 Bc2 26. Na1 Ba4 27. Ke1 Bc1 28. Bd1 Bxd1 29. Kxd1 Bb2 30. Nc2 Bxc3 31. Ne3 Bxd4 32. Nf5 Bf6 33. Kc2 Kf8 0-1

[Event "24th Klatovy B 2016"]
[Site "Klatovy CZE"]
[Date "2016.07.10"]
[Round "9.47"]
[White "Zimmermann, Ladislav"]
[Black "Stanke, Vilem"]
[Result "1-0"]
[WhiteElo "1147"]
[BlackElo "1200"]
[PlyCount "95"]
[EventDate "2016.07.02"]
[EventType "swiss"]
[EventRounds "9"]
[EventCountry "CZE"]

1. e4 e5 2. Nf3 Nc6 3. Bb5 Nd4 4. Nc3 Nxb5 5. Nxb5 c6 6. Nc3 Bd6 7. d4 exd4 8. Qxd4 Qf6 9. e5 Bxe5 10. Qxe5+ Qxe5+ 11. Nxe5 Nf6 12. Bg5 Nh5 13. Be3 O-O 14. O-O-O d5 15. g4 Nf6 16. h3 Be6 17. Bxa7 h5 18. g5 Nd7 19. Nxd7 Bxd7 20. h4 g6 21. Bc5 Rfe8 22. Rhe1 Bh3 23. Re7 Rxe7 24. Bxe7 Re8 25. Bd6 Kg7 26. f4 f6 27. gxf6+ Kxf6 28. Be5+ Kf5 29. Rg1 Ra8 30. a3 Ra5 31. Rg5+ Ke6 32. Rxg6+ Kd7 33. Rg5 Bg4 34. Nb1 Ra4 35. b3 Re4 36. Rg8 Re1+ 37. Kb2 Rh1 38. Rf8 Rxh4 39. f5 Rh1 40. f6 Be6 41. Rh8 Bf7 42. Nd2 Ke6 43. Nf3 Rf1 44. Ng5+ Kd7 45. Nxf7 Rf5 46. Bc3 Ke6 47. Nd8+ Kd7 48. Nxb7 1-0

[Event "24th Klatovy B 2016"]
[Site "Klatovy CZE"]
[Date "2016.07.10"]
[Round "9.48"]
[White "Stanke, Petr"]
[Black "Velkoborsky, Tadeas"]
[Result "1-0"]
[WhiteElo "1239"]
[BlackElo "1100"]
[PlyCount "121"]
[EventDate "2016.07.02"]
[EventType "swiss"]
[EventRounds "9"]
[EventCountry "CZE"]

1. e4 e5 2. Nf3 Nc6 3. d4 Nf6 4. d5 Nb4 5. Nc3 Bc5 6. a3 Na6 7. Bg5 d6 8. Bb5+ Bd7 9. Bxf6 Qxf6 10. Bxd7+ Kxd7 11. O-O Bd4 12. Nxd4 exd4 13. Nb5 Qe5 14. Qxd4 Qxd4 15. Nxd4 Rhe8 16. Rfe1 c5 17. Nf5 g6 18. Ng3 c4 19. Re3 h5 20. Rc1 h4 21. Ne2 Nc5 22. Nc3 Rab8 23. a4 a6 24. f4 b5 25. axb5 axb5 26. e5 dxe5 27. fxe5 f6 28. Rce1 fxe5 29. Rxe5 Rxe5 30. Rxe5 Na4 31. Rg5 Nxb2 32. Rxg6 Na4 33. Ne4 Re8 34. Nf6+ Ke7 35. Nxe8 Kxe8 36. Kf2 b4 37. Rg4 Nb6 38. Ke2 b3 39. cxb3 cxb3 40. Rb4 Nxd5 41. Rxb3 Nf4+ 42. Kf3 Ne6 43. Re3 Ke7 44. Rxe6+ Kxe6 45. Kg4 h3 46. Kxh3 Kf5 47. Kh4 Kf4 48. Kh5 Kf5 49. g4+ Kf6 50. Kh6 Kf7 51. g5 Kg8 52. Kg6 Kh8 53. Kf7 Kh7 54. g6+ Kh6 55. g7 Kh5 56. g8=Q Kh4 57. Kf6 Kh3 58. Kf5 Kxh2 59. Kf4 Kh1 60. Kf3 Kh2 61. Qg2# 1-0

[Event "24th Klatovy B 2016"]
[Site "Klatovy CZE"]
[Date "2016.07.10"]
[Round "9.50"]
[White "Velkoborsky, Jan"]
[Black "Psaila, Ocean"]
[Result "1-0"]
[WhiteElo "1100"]
[BlackElo "1046"]
[PlyCount "41"]
[EventDate "2016.07.02"]
[EventType "swiss"]
[EventRounds "9"]
[EventCountry "CZE"]

1. e4 c5 2. Bc4 d6 3. Nf3 Nf6 4. Ng5 e6 5. Bb5+ Bd7 6. Bxd7+ Nbxd7 7. Nc3 Be7 8. O-O O-O 9. d3 Qc7 10. Nf3 Rac8 11. Bg5 Rfd8 12. Qd2 d5 13. e5 d4 14. Nb5 Qc6 15. Bxf6 Bxf6 16. exf6 Qxb5 17. fxg7 Kxg7 18. Qg5+ Kh8 19. Qh6 Rg8 20. Ng5 Rcf8 21. Qxh7# 1-0